[Event "ICS rated blitz match"]
[Site "204.178.125.65"]
[Date "2000.04.09"]
[Round "?"]
[White "lupica"]
[Black "Hossa"]
[Result "1/2-1/2"]
[WhiteElo "2026"]
[BlackElo "2436"]
[PlyCount "60"]

1. e4 e5 2. Nf3 Nc6 3. Bb5 a6 4. Ba4 Nf6 5. O-O Be7 6. Bxc6 dxc6 7. d3 Nd7 8.
Nbd2 O-O 9. Nc4 f6 10. b3 Nb6 11. Ne3 Bd6 12. Bb2 Be6 13. d4 exd4 14. Nxd4 Bd7
15. Ndf5 Be5 16. Bxe5 fxe5 17. Qe2 Qg5 18. Rad1 Bxf5 19. Nxf5 g6 20. Ng3 Rad8
21. Rxd8 Rxd8 22. Rd1 Rf8 23. Qd2 Qe7 24. Qc3 Rf7 25. f3 Rf6 26. a4 Rf7 27. Ne2
Nd7 28. Qc4 Nb6 29. Qc3 Nd7 30. Qc4 Nb6 1/2-1/2

[Event "ICS rated blitz match"]
[Site "204.178.125.65"]
[Date "2000.04.09"]
[Round "?"]
[White "Mofongo"]
[Black "Hossa"]
[Result "1-0"]
[WhiteElo "2733"]
[BlackElo "2423"]
[PlyCount "65"]

1. Nf3 d5 2. c4 c6 3. g3 Nf6 4. Bg2 dxc4 5. Na3 b5 6. Ne5 Qc7 7. d4 Bb7 8. Bf4
Qa5+ 9. Bd2 Qc7 10. O-O e6 11. Bf4 Bd6 12. e4 Na6 13. Nxf7 Kxf7 14. Bxd6 Qxd6
15. e5 Qb4 16. exf6 gxf6 17. Qh5+ Ke7 18. Nxb5 Rab8 19. Nc3 Qxb2 20. Rac1 Ba8
21. Rfe1 Rbc8 22. Qg4 Kf7 23. Qxe6+ Kg6 24. Be4+ Kg7 25. Qe7+ Kg8 26. Bf5 Nc7
27. Bxc8 Qb6 28. Re4 h5 29. Qd8+ Ne8 30. Qxe8+ Kh7 31. Re7+ Kh6 32. Qxh8+ Kg5
33. Rg7# 1-0

[Event "ICS rated blitz match"]
[Site "204.178.125.65"]
[Date "2000.04.09"]
[Round "?"]
[White "Hossa"]
[Black "Mofongo"]
[Result "0-1"]
[WhiteElo "2418"]
[BlackElo "2738"]
[PlyCount "102"]

1. e4 e5 2. Nf3 Nc6 3. Nc3 g6 4. Bc4 Bg7 5. O-O Na5 6. Bb5 Ne7 7. d4 exd4 8.
Nxd4 c6 9. Be2 d5 10. exd5 Nxd5 11. Nxd5 Qxd5 12. Be3 O-O 13. Re1 Nc4 14. Bxc4
Qxc4 15. b3 Qc3 16. Ne2 Qxa1 17. Qxa1 Bxa1 18. Rxa1 Bg4 19. Ng3 Rfe8 20. h3 Bc8
21. Re1 f5 22. Ne2 b6 23. a4 Bb7 24. h4 c5 25. Nf4 Kf7 26. c3 h6 27. a5 g5 28.
hxg5 hxg5 29. Nd3 Rad8 30. a6 Bc8 31. Nxc5 f4 32. Nb7 Rd3 33. Kh2 fxe3 34. fxe3
Ke7 35. Rc1 Kd7 36. Rf1 Rxc3 37. b4 Rexe3 38. b5 Ke7 39. Rd1 Rcd3 40. Rb1 Rd2
41. Rc1 Bd7 42. Rb1 Bf5 43. Rc1 Be4 44. Kg1 Rxg2+ 45. Kf1 Rh3 46. Rc7+ Ke6 47.
Nd8+ Kd6 48. Rh7 Rxh7 49. Nf7+ Rxf7+ 50. Ke1 Rff2 51. Kd1 Rg1# 0-1

[Event "ICS rated blitz match"]
[Site "204.178.125.65"]
[Date "2000.04.09"]
[Round "?"]
[White "lupica"]
[Black "Hossa"]
[Result "0-1"]
[WhiteElo "2050"]
[BlackElo "2414"]
[PlyCount "80"]

1. e4 d6 2. d4 Nf6 3. Nc3 g6 4. Be3 c6 5. f3 Bg7 6. Qd2 Nbd7 7. O-O-O O-O 8. g4
b5 9. Bh6 Bxh6 10. Qxh6 Kh8 11. h4 b4 12. Nce2 Qa5 13. Kb1 Ba6 14. h5 g5 15. e5
dxe5 16. Qxg5 Rg8 17. Qe3 exd4 18. Nxd4 Bxf1 19. Rxf1 Qc5 20. Nge2 e5 21. Nf5
Qxe3 22. Nxe3 Rg5 23. Ng3 Nc5 24. Rd1 e4 25. f4 Rgg8 26. g5 h6 27. Rd6 Ne6 28.
gxf6 Rxg3 29. Nf5 Rag8 30. b3 Rg1+ 31. Rxg1 Rxg1+ 32. Kb2 Nxf4 33. Nxh6 e3 34.
Nxf7+ Kh7 35. Ne5 e2 36. Rd7+ Kh6 37. f7 Rb1+ 38. Kxb1 e1=Q+ 39. Kb2 Qxe5+ 40.
Kb1 Qc5 0-1

[Event "ICS rated blitz match"]
[Site "204.178.125.65"]
[Date "2000.04.09"]
[Round "?"]
[White "Hossa"]
[Black "lupica"]
[Result "1-0"]
[WhiteElo "2418"]
[BlackElo "2046"]
[PlyCount "87"]

1. e4 c5 2. Nf3 d6 3. d4 cxd4 4. Nxd4 Nf6 5. Nc3 e6 6. Be2 a6 7. O-O Qc7 8. Bg5
Be7 9. Qd2 Nbd7 10. Rfd1 b5 11. Bd3 Bb7 12. a4 b4 13. Na2 a5 14. Bxf6 Nxf6 15.
Bb5+ Kf8 16. f3 h5 17. Nc1 Qc5 18. Qf2 e5 19. Ncb3 Qa7 20. Nf5 Qxf2+ 21. Kxf2
d5 22. Nxe7 Kxe7 23. Nc5 Rab8 24. Nxb7 Rxb7 25. exd5 Kd6 26. c4 Nd7 27. Bxd7
Rxd7 28. Rac1 Kc5 29. Re1 f6 30. h4 Re8 31. b3 f5 32. Ke3 Rd6 33. g3 Rg6 34.
Kf2 e4 35. Re3 Rf8 36. Rce1 exf3 37. Re8 Rf7 38. Kxf3 f4 39. gxf4 Rg4 40. R1e4
Rxh4 41. R8e6 Rc7 42. Kg2 Rg4+ 43. Kh3 Rg1 44. Ra6 1-0

[Event "ICS rated blitz match"]
[Site "204.178.125.65"]
[Date "2000.04.09"]
[Round "?"]
[White "lupica"]
[Black "Hossa"]
[Result "1-0"]
[WhiteElo "2043"]
[BlackElo "2421"]
[PlyCount "141"]

1. e4 e5 2. Nf3 Nc6 3. Bb5 a6 4. Ba4 Nf6 5. O-O Be7 6. Bxc6 dxc6 7. d3 Nd7 8.
Nbd2 O-O 9. Nc4 f6 10. b3 Nb6 11. Ne3 Bd6 12. Bb2 Be6 13. d4 exd4 14. Nxd4 Bd7
15. Ndf5 Be5 16. Bxe5 fxe5 17. Qe2 Qg5 18. f3 Bxf5 19. Nxf5 g6 20. Ne3 Rad8 21.
Rad1 Rd6 22. Rd3 Rxd3 23. Qxd3 Rd8 24. Qe2 Rd4 25. c3 Rd6 26. Rd1 Rxd1+ 27.
Nxd1 Kf7 28. Ne3 Qd8 29. Kf2 Qh4+ 30. Kg1 Qd8 31. Qd1 Qd6 32. Kf2 Nd7 33. Ke2
b5 34. g4 Nc5 35. h4 Ne6 36. Qxd6 cxd6 37. g5 Nf4+ 38. Kd2 Ke7 39. c4 bxc4 40.
bxc4 Kf7 41. Kc3 Ne2+ 42. Kb4 Nd4 43. Ka5 Nxf3 44. Kxa6 Nxh4 45. Kb6 Nf3 46. a4
d5 47. cxd5 cxd5 48. exd5 Nxg5 49. a5 Ne4 50. a6 Nd6 51. Kc6 Nc8 52. d6 Ke6 53.
d7 Na7+ 54. Kb6 Kxd7 55. Kxa7 Kc7 56. Nd5+ Kc6 57. Kb8 Kxd5 58. a7 h5 59. a8=Q+
Ke6 60. Qe4 Kf6 61. Kc7 g5 62. Kd6 g4 63. Qxe5+ Kf7 64. Qxh5+ Kg7 65. Qxg4+ Kf6
66. Qf4+ Kg6 67. Ke6 Kg7 68. Qf6+ Kh7 69. Qg5 Kh8 70. Kf7 Kh7 71. Qg7# 1-0

[Event "ICS rated blitz match"]
[Site "204.178.125.65"]
[Date "2000.04.09"]
[Round "?"]
[White "Hossa"]
[Black "PostModernist"]
[Result "1-0"]
[WhiteElo "2392"]
[BlackElo "2513"]
[PlyCount "111"]

1. e4 c6 2. d4 Nf6 3. e5 Nd5 4. c4 Nc7 5. Nf3 e6 6. Nc3 d5 7. exd6 Bxd6 8. Bd3
O-O 9. Qc2 h6 10. O-O Nba6 11. a3 Bd7 12. b4 b5 13. c5 Be7 14. Re1 Qe8 15. Bf4
Nd5 16. Nxd5 exd5 17. Qd2 g5 18. Bd6 Be6 19. a4 Nb8 20. Bxe7 Qxe7 21. axb5 Qf6
22. Qc2 cxb5 23. Bxb5 Rc8 24. Ne5 Qf4 25. Qc3 Rc7 26. Ra2 Rb7 27. Ba4 g4 28.
Rae2 h5 29. Nd3 Qh6 30. c6 Rc7 31. Nc5 Qf4 32. Rxe6 fxe6 33. Nxe6 Qf7 34. Nxc7
Qxc7 35. Qc5 Na6 36. Qxd5+ Qf7 37. Qg5+ Qg7 38. Bb3+ Kh8 39. Qxh5+ Qh7 40. Re8+
Rxe8 41. Qxe8+ Kg7 42. Qe7+ Kh6 43. Qxh7+ Kxh7 44. d5 Nc7 45. d6 Na8 46. Bc2+
Kg7 47. d7 Kf7 48. d8=Q Nb6 49. Bf5 g3 50. hxg3 Nc4 51. Qd5+ Kg7 52. Qxc4 Kf8
53. Qe6 a6 54. Qf6+ Kg8 55. c7 a5 56. c8=Q# 1-0

[Event "ICS rated blitz match"]
[Site "204.178.125.65"]
[Date "2000.04.09"]
[Round "?"]
[White "PostModernist"]
[Black "Hossa"]
[Result "1-0"]
[WhiteElo "2492"]
[BlackElo "2413"]
[PlyCount "155"]

1. e4 e5 2. d4 exd4 3. c3 dxc3 4. Bc4 cxb2 5. Bxb2 d5 6. Bxd5 Nf6 7. Bxf7+ Kxf7
8. Qxd8 Bb4+ 9. Qd2 Bxd2+ 10. Nxd2 Re8 11. Ngf3 Nc6 12. O-O Bg4 13. Rfe1 Kg8
14. Rab1 Rab8 15. Bxf6 gxf6 16. Rec1 Kg7 17. h3 Bh5 18. g4 Bf7 19. a4 h6 20.
Nh4 Be6 21. Nf1 Rec8 22. Ng3 Ne7 23. Nh5+ Kf7 24. Rc3 Bd7 25. Ra1 c5 26. Rf3
Rc6 27. e5 Ng8 28. Rd1 Be8 29. Nf5 Re6 30. Nd6+ Kf8 31. Nxe8 Rbxe8 32. exf6
Re1+ 33. Rxe1 Rxe1+ 34. Kg2 Kf7 35. Rf4 a6 36. h4 Re5 37. a5 Rd5 38. Kh2 Re5
39. Kg3 Rd5 40. Kg2 Re5 41. Kf3 Rd5 42. Rc4 Nxf6 43. Rf4 Rxh5 44. gxh5 Ke6 45.
Rc4 Kd5 46. Rc1 c4 47. Kf4 Nxh5+ 48. Kf5 Kc5 49. Rb1 c3 50. Rxb7 Kc4 51. Ke4
Nf6+ 52. Ke3 Nd5+ 53. Ke2 Nf4+ 54. Kd1 Nd3 55. Rb6 h5 56. Kc2 Nb4+ 57. Kc1 Nd3+
58. Kb1 Ne1 59. f4 Nf3 60. Rxa6 Kb5 61. Ra7 Nxh4 62. Rh7 Ng2 63. Rxh5+ Ka6 64.
f5 Nf4 65. f6 Ne6 66. f7 Nf8 67. Rh8 Ng6 68. Rh6 Kb5 69. Rxg6 Kc4 70. f8=Q Kd4
71. Qd6+ Ke3 72. Qe5+ Kd3 73. Rg3+ Kc4 74. Rxc3+ Kb4 75. Qc5+ Ka4 76. Rc4+ Kb3
77. Rb4+ Ka3 78. Qc3# 1-0

[Event "ICS rated blitz match"]
[Site "204.178.125.65"]
[Date "2000.04.09"]
[Round "?"]
[White "Hossa"]
[Black "PostModernist"]
[Result "0-1"]
[WhiteElo "2401"]
[BlackElo "2504"]
[PlyCount "172"]

1. e4 c6 2. d4 Na6 3. h4 Nc7 4. Nf3 d5 5. exd5 Nxd5 6. c4 Nb6 7. Be3 Nf6 8. Nc3
Bg4 9. Be2 Bxf3 10. gxf3 e6 11. Qc2 Qc7 12. O-O-O O-O-O 13. Ne4 Be7 14. Bd3 g6
15. Kb1 Nh5 16. Bf1 h6 17. Qe2 Kb8 18. Qe1 Nd7 19. Qe2 f5 20. Ng3 Nxg3 21. fxg3
Qxg3 22. Rg1 Qxh4 23. Rxg6 Nf8 24. Bf2 Qh5 25. Rg2 Bd6 26. Rg7 Qe8 27. Bh4 Rd7
28. Bf6 Rxg7 29. Bxg7 Rh7 30. Bxf8 Bxf8 31. Qe5+ Ka8 32. Bh3 Re7 33. Rg1 Qf7
34. Qh8 Re8 35. Qe5 h5 36. Rg5 Be7 37. Rg7 Qf6 38. Rh7 h4 39. Qxf6 Bxf6 40. Kc2
Rh8 41. Rxh8+ Bxh8 42. Kd3 Bf6 43. Ke3 b5 44. b3 b4 45. f4 Kb7 46. Bg2 Kb6 47.
Bf1 c5 48. dxc5+ Kxc5 49. Bg2 Bd4+ 50. Kd3 Bg1 51. Ke2 Kd4 52. Bc6 h3 53. Kf3
h2 54. Kg2 e5 55. fxe5 Kxe5 56. Kh1 Kd4 57. Kg2 f4 58. Kh3 Kc3 59. Bd5 a6 60.
Kg4 Kb2 61. Kxf4 Kxa2 62. Kg3 Kxb3 63. c5+ Kc2 64. Be4+ Kc1 65. c6 Bb6 66. Kxh2
b3 67. Kg3 b2 68. Kf4 a5 69. Ke5 a4 70. Ke6 a3 71. Bd5 b1=Q 72. Kd6 Qg6+ 73.
Kd7 Qg7+ 74. Ke6 Qg4+ 75. Ke7 Bc5+ 76. Kf6 Bd4+ 77. Ke7 Qg5+ 78. Ke6 Qe5+ 79.
Kd7 Qxd5+ 80. Ke7 a2 81. c7 Bc5+ 82. Kf6 a1=Q+ 83. Kg6 Qa6+ 84. Kg7 Qd7+ 85.
Kg8 Qc4+ 86. Kh8 Bd4# 0-1

[Event "ICS rated blitz match"]
[Site "204.178.125.65"]
[Date "2000.04.09"]
[Round "?"]
[White "PostModernist"]
[Black "Hossa"]
[Result "1-0"]
[WhiteElo "2515"]
[BlackElo "2390"]
[PlyCount "109"]
[EventDate "2000.??.??"]

1. d4 Nf6 2. c4 e6 3. Nf3 b6 4. Bf4 Bb4+ 5. Nbd2 Bb7 6. e3 Bxf3 7. Qxf3 Bxd2+
8. Kxd2 d5 9. cxd5 Nxd5 10. Bd3 Nd7 11. Qg3 g6 12. Rhc1 c5 13. Bh6 cxd4 14. e4
N5f6 15. Qd6 Ng4 16. Bg7 Nxf2 17. Bxh8 Nxd3 18. Rc7 N3c5 19. Kd1 Na6 20. Rc4 d3
21. Rd4 Nac5 22. b4 e5 23. Bxe5 Ne6 24. Rd5 Rc8 25. Kd2 Nc7 26. Rxd3 Qg5+ 27.
Bf4 Qd8 28. Ke3 Nb5 29. Qd5 a6 30. Rad1 Rc3 31. Qb7 Ra3 32. Rxa3 Nxa3 33. Bc7
Qg5+ 34. Kf2 Kf8 35. Rxd7 Qf6+ 36. Ke2 Nc4 37. Qxa6 Qc3 38. Qc8+ Kg7 39. Be5+
Qxe5 40. Qxc4 Qf6 41. a4 h6 42. Qd4 Qxd4 43. Rxd4 h5 44. a5 bxa5 45. bxa5 g5
46. a6 Kf6 47. a7 Kg7 48. a8=Q h4 49. Qd8 Kg6 50. Rd6+ Kh7 51. Qxg5 f6 52. Rd7+
Kh8 53. Qxh4+ Kg8 54. Qg3+ Kf8 55. Qb8# 1-0

[Event "ICS rated blitz match"]
[Site "204.178.125.65"]
[Date "2000.04.09"]
[Round "?"]
[White "Hossa"]
[Black "PostModernist"]
[Result "0-1"]
[WhiteElo "2380"]
[BlackElo "2525"]
[PlyCount "228"]

1. e4 c6 2. d4 Nf6 3. e5 Nd5 4. c4 Nc7 5. Nf3 e6 6. Nc3 d5 7. exd6 Bxd6 8. Bd3
O-O 9. Qc2 h6 10. O-O Nba6 11. a3 b6 12. b4 Bb7 13. Re1 Re8 14. Bh7+ Kh8 15.
Be4 f5 16. b5 Nb8 17. bxc6 Bxc6 18. Bxc6 Nxc6 19. Be3 Qd7 20. g3 Kg8 21. Ne2
Rac8 22. Qa2 g5 23. Qc2 g4 24. Nh4 Be7 25. Ng6 Bf6 26. Rad1 Qh7 27. Ngf4 b5 28.
cxb5 Nxb5 29. Qb3 Rb8 30. Qa2 Qe7 31. Rc1 Rbc8 32. a4 Nbxd4 33. Nxd4 Nxd4 34.
Bxd4 Rxc1 35. Rxc1 Bxd4 36. Re1 Qf7 37. Nxe6 Bc3 38. Re3 Bg7 39. Qd5 Bb2 40.
Qc6 Rb8 41. Re1 Re8 42. Qc4 a5 43. Qd5 Bc3 44. Re3 Rc8 45. Qd6 Bb4 46. Qd1 Kh7
47. Qb1 Bd2 48. Qb3 Kg8 49. Re2 Rc1+ 50. Kg2 Bc3 51. Re3 Bb4 52. Qd5 Ra1 53.
Re5 Re1 54. Rxe1 Bxe1 55. Kg1 Bb4 56. Kf1 Bc3 57. Ke2 Bh8 58. Kd3 Bg7 59. Qd8+
Kh7 60. Qc8 Qe7 61. Qc6 Qa3+ 62. Ke2 Be5 63. Qd5 Qd6 64. Qxd6 Bxd6 65. f4 Kg6
66. Nd4 Kf6 67. Kd3 Bc5 68. Nc6 Bg1 69. Ke2 Bb6 70. Kf1 Ke6 71. Ne5 Kd5 72. Kg2
Bd4 73. Nf7 Bf6 74. Nxh6 Ke6 75. h3 gxh3+ 76. Kxh3 Bg7 77. Ng8 Kf7 78. Kh4 Kxg8
79. Kg5 Kh7 80. Kxf5 Kh6 81. g4 Bb2 82. Ke4 Kg6 83. Kd5 Bc1 84. Ke5 Bd2 85. Ke4
Kf6 86. Kf3 Ke6 87. Ke4 Kd6 88. Kf5 Kc5 89. Ke5 Kb4 90. f5 Kxa4 91. f6 Kb5 92.
f7 Bb4 93. Kd4 Ka4 94. Kc4 Ka3 95. g5 a4 96. g6 Bf8 97. Kc3 Bg7+ 98. Kc2 Kb4
99. Kd2 a3 100. Kc2 Kc4 101. f8=Q Bxf8 102. Kc1 Kb3 103. Kd2 a2 104. Kd3 a1=Q
105. Ke4 Qf6 106. Ke3 Kc2 107. g7 Qg5+ 108. Kf3 Bd6 109. Ke2 Qxg7 110. Kf2 Qg4
111. Ke1 Bc5 112. Kf1 Qf3+ 113. Ke1 Qh1+ 114. Ke2 Qd1# 0-1

[Event "ICS Rated standard match"]
[Site "204.178.125.65"]
[Date "2000.04.09"]
[Round "?"]
[White "IamaMaster"]
[Black "Hossa"]
[Result "0-1"]
[WhiteElo "2083"]
[BlackElo "2312"]
[PlyCount "84"]

1. e4 e5 2. Nf3 Nc6 3. Bc4 Bc5 4. b4 Bxb4 5. c3 Ba5 6. d4 d6 7. Qb3 Qd7 8. dxe5
dxe5 9. O-O Bb6 10. Rd1 Qe7 11. Rd5 Be6 12. Ba3 Qf6 13. Bb5 Nge7 14. Bxe7 Qxe7
15. Nbd2 Kf8 16. Bxc6 bxc6 17. Rxe5 Bxb3 18. Rxe7 Kxe7 19. axb3 Rad8 20. Kf1
Rd3 21. Rc1 Rhd8 22. Ke2 R3d6 23. Nc4 Re6 24. Nfd2 a5 25. Ra1 Rg6 26. g3 Rh6
27. h4 Re6 28. f3 Rd5 29. f4 h5 30. Nf1 Rxe4+ 31. Kf3 Re6 32. Rc1 Rd3+ 33. Kg2
Re2+ 34. Kh3 f6 35. Nh2 Kd7 36. Nf1 g6 37. Nh2 Ra2 38. Nf1 Kd8 39. Nh2 Kc8 40.
Nf1 Bf2 41. Kg2 Be3+ 42. Nfd2 Bxd2 0-1

[Event "ICS rated standard match"]
[Site "204.178.125.65"]
[Date "2000.04.09"]
[Round "?"]
[White "Hossa"]
[Black "chuda"]
[Result "1-0"]
[WhiteElo "2319"]
[BlackElo "2005"]
[PlyCount "51"]

1. e4 d5 2. exd5 Nf6 3. d4 Bg4 4. f3 Bf5 5. Bb5+ Nbd7 6. c4 e6 7. dxe6 Bxe6 8.
d5 Bf5 9. Nc3 Bc5 10. g4 Qe7+ 11. Nge2 Bg6 12. g5 Nh5 13. Bxd7+ Qxd7 14. Ne4
Bb4+ 15. Bd2 Bxd2+ 16. Qxd2 O-O-O 17. N2c3 f5 18. gxf6 Nxf6 19. Nxf6 gxf6 20.
O-O-O Kb8 21. Rde1 c6 22. Qf4+ Qd6 23. Qxd6+ Rxd6 24. c5 Rd7 25. dxc6 bxc6 26.
Re6 1-0

[Event "ICS rated standard match"]
[Site "204.178.125.65"]
[Date "2000.04.09"]
[Round "?"]
[White "chess-bomber"]
[Black "Hossa"]
[Result "0-1"]
[WhiteElo "2021"]
[BlackElo "2324"]
[PlyCount "62"]

1. g3 d5 2. Bg2 c6 3. d3 Nf6 4. Nd2 e5 5. c3 Nbd7 6. Qc2 Bd6 7. Ngf3 O-O 8. O-O
Re8 9. e4 b6 10. Re1 dxe4 11. dxe4 Ba6 12. c4 Qe7 13. a3 Red8 14. b4 Bb7 15.
Bb2 a5 16. bxa5 Rxa5 17. a4 Bb4 18. Red1 Rda8 19. Nh4 Nc5 20. Nf5 Qc7 21. Nf3
Ncxe4 22. N3h4 Ng5 23. f4 exf4 24. Nxg7 Bc5+ 25. Kh1 Ng4 26. Nhf5 Nf2+ 27. Kg1
Nxd1+ 28. Kf1 Nxb2 29. Qxb2 f3 30. Bxf3 Nxf3 31. Nh5 Qe5 0-1

[Event "ICS rated blitz match"]
[Site "204.178.125.65"]
[Date "2000.04.09"]
[Round "?"]
[White "QueenMaxima"]
[Black "Hossa"]
[Result "0-1"]
[WhiteElo "2503"]
[BlackElo "2370"]
[PlyCount "98"]

1. d4 d5 2. c4 e6 3. Nc3 Nf6 4. Nf3 Bb4 5. Bg5 dxc4 6. e4 c5 7. Bxc4 cxd4 8.
Nxd4 Bxc3+ 9. bxc3 Qa5 10. Nb5 a6 11. Nd6+ Ke7 12. Qd2 Nc6 13. O-O Rd8 14.
Nxc8+ Raxc8 15. Bxf6+ Kxf6 16. Qf4+ Ke7 17. Qh4+ g5 18. Qh6 Qxc3 19. Qxg5+ Kf8
20. Rac1 Qg7 21. Qc5+ Kg8 22. Rfd1 Nd4 23. Qe7 Rb8 24. Kh1 Qe5 25. f3 Re8 26.
Qa3 Rbc8 27. Qe3 Red8 28. f4 Qf6 29. Bd3 Rxc1 30. Rxc1 Qg7 31. e5 b5 32. Qh3 a5
33. Qh4 Rf8 34. Rc5 Rb8 35. Qf2 Rd8 36. Qe1 Qg4 37. Qd2 Qh4 38. Qxa5 Nf5 39.
Bc2 b4 40. h3 Ng3+ 41. Kg1 Ne2+ 42. Kf1 Qxf4+ 43. Ke1 Qd2+ 44. Kf2 Nd4+ 45. Kg3
Qg5+ 46. Kf2 Qf4+ 47. Ke1 Nxc2+ 48. Rxc2 Qe3+ 49. Kf1 Rd1# 0-1

[Event "ICS rated blitz match"]
[Site "204.178.125.65"]
[Date "2000.04.09"]
[Round "?"]
[White "Hossa"]
[Black "eibanezt"]
[Result "1-0"]
[WhiteElo "2392"]
[BlackElo "2414"]
[PlyCount "243"]

1. e4 c5 2. Nf3 e6 3. d4 cxd4 4. Nxd4 a6 5. Bd3 Bc5 6. Nb3 Ba7 7. O-O Nc6 8.
Qe2 b5 9. e5 Nge7 10. Bg5 Qc7 11. Bxe7 Nxe7 12. a4 b4 13. N1d2 Ng6 14. Nc4 O-O
15. Be4 Bb7 16. Bxb7 Qxb7 17. Nd6 Qc6 18. Rad1 Qxa4 19. g3 f6 20. exf6 Rxf6 21.
Ne4 Rf7 22. Ng5 Re7 23. Nxh7 Kxh7 24. Qh5+ Kg8 25. Qxg6 Rf8 26. Ra1 Qc6 27.
Rad1 Ref7 28. Nd4 Qc4 29. Qe4 d6 30. Qxe6 Qxe6 31. Nxe6 Re8 32. Rxd6 Rf6 33.
Rxa6 Bxf2+ 34. Rxf2 Rfxe6 35. Rxe6 Rxe6 36. c4 bxc3 37. bxc3 Rc6 38. Rf3 Kh7
39. h3 Kg6 40. Kg2 Kg5 41. h4+ Kg4 42. Rf7 Rxc3 43. Rxg7+ Kh5 44. Rf7 Kg6 45.
Rb7 Kh5 46. Rb5+ Kg6 47. g4 Ra3 48. Rb2 Rd3 49. Rc2 Ra3 50. Rd2 Rc3 51. Rf2 Ra3
52. Rf3 Ra4 53. Kg3 Kh6 54. Rd3 Kg6 55. h5+ Kg5 56. Rd5+ Kh6 57. Rd6+ Kg7 58.
g5 Kh7 59. Rc6 Kg7 60. Rc7+ Kg8 61. Rc8+ Kf7 62. Rc3 Kg7 63. Rb3 Kf7 64. Kh3
Kg7 65. Rb7+ Kg8 66. Rb8+ Kg7 67. Rb3 Kf7 68. Rc3 Kg7 69. Rc7+ Kg8 70. Rb7 Rc4
71. Rb5 Rd4 72. Rb8+ Kg7 73. Rb7+ Kg8 74. Rb3 Kg7 75. Kg3 Ra4 76. Rb7+ Kg8 77.
Rb6 Kg7 78. Re6 Kf7 79. Re5 Kg7 80. Rc5 Rb4 81. Rc7+ Kg8 82. Rc8+ Kg7 83. Rc2
Ra4 84. Rc3 Rb4 85. Re3 Rc4 86. Re8 Kf7 87. Ra8 Kg7 88. Ra5 Kf7 89. Kh3 Kg7 90.
Rb5 Kf7 91. Rb2 Kg7 92. Rd2 Kf7 93. Rf2+ Kg7 94. Rf3 Ra4 95. Re3 Rc4 96. Kg3
Rd4 97. Ra3 Rb4 98. Ra7+ Kg8 99. Re7 Kf8 100. Re3 Kg7 101. Re6 Ra4 102. Re8 Kf7
103. Re2 Kg7 104. Re5 Kf7 105. Re1 Kg7 106. Rf1 Rb4 107. Rf4 Rb5 108. h6+ Kg6
109. Rg4 Rf5 110. Kh3 Rf1 111. Kh2 Rf2+ 112. Rg2 Rf4 113. Kh3 Rf7 114. Kg4 Rf5
115. h7 Rxg5+ 116. Kf3 Rxg2 117. h8=Q Rg5 118. Qd8 Rf5+ 119. Kg4 Rf6 120. Qg8+
Kh6 121. Qg5+ Kh7 122. Qxf6 1-0

[Event "ICS rated blitz match"]
[Site "204.178.125.65"]
[Date "2000.04.09"]
[Round "?"]
[White "PostModernist"]
[Black "Hossa"]
[Result "1-0"]
[WhiteElo "2540"]
[BlackElo "2401"]
[PlyCount "141"]

1. d4 Nf6 2. c4 e6 3. Nf3 b6 4. a3 Ba6 5. Qb3 d5 6. cxd5 exd5 7. Nc3 c6 8. Bg5
Be7 9. Bxf6 Bxf6 10. e4 Bb7 11. e5 Be7 12. Bd3 Nd7 13. Qc2 g6 14. O-O O-O 15.
Qd2 c5 16. Be2 cxd4 17. Qxd4 Bc5 18. Qf4 d4 19. Ne4 Qe7 20. b4 f6 21. bxc5 fxe5
22. Qg5 Rae8 23. Nd6 Bxf3 24. Qxe7 Rxe7 25. Bxf3 bxc5 26. Rac1 e4 27. Rfe1 Kg7
28. Rxe4 Rxe4 29. Bxe4 Rd8 30. Nb5 a5 31. f3 Rb8 32. Nd6 Rb3 33. Nc4 a4 34. Bc6
Nb6 35. Nxb6 Rxb6 36. Bxa4 Ra6 37. Rc4 g5 38. g3 Kf6 39. f4 gxf4 40. gxf4 Kf5
41. Bc2+ Kxf4 42. a4 Ke3 43. Bxh7 Rh6 44. Bb1 Rb6 45. Bf5 Ra6 46. Kg2 Kf4 47.
Bc2 Ra5 48. Bb3 Ke3 49. h4 Kf4 50. Bd1 Ke4 51. h5 Ke5 52. h6 Kd6 53. Bf3 Ra7
54. Be4 Re7 55. h7 Re8 56. a5 Ke5 57. Bg6 Rh8 58. Rxc5+ Kd6 59. Rc1 Ke5 60.
Re1+ Kf6 61. Re8 Rxh7 62. Bxh7 Kf7 63. Rb8 Kg7 64. Rb7+ Kf6 65. a6 Kg5 66. a7
d3 67. a8=Q d2 68. Qd8+ Kh5 69. Qxd2 Kg4 70. Rg7+ Kh5 71. Qg5# 1-0

[Event "ICS rated standard match"]
[Site "204.178.125.65"]
[Date "2000.04.09"]
[Round "?"]
[White "Hossa"]
[Black "Ricely"]
[Result "1-0"]
[WhiteElo "2333"]
[BlackElo "2174"]
[PlyCount "63"]

1. d4 d5 2. c4 c6 3. Nf3 e6 4. Nc3 dxc4 5. e4 b5 6. Be2 Bb7 7. O-O Nf6 8. e5
Nd5 9. a4 Nxc3 10. bxc3 Be7 11. Ba3 a6 12. Bxe7 Qxe7 13. Rb1 O-O 14. Qc2 Ra7
15. Nd2 Nd7 16. Ne4 Nb6 17. a5 Nd7 18. Nd6 Ba8 19. Qd2 c5 20. Bg4 Bd5 21. Qe3
Rc7 22. dxc5 Nxc5 23. Rbd1 Rb8 24. Bh5 Rf8 25. Bg4 Rc6 26. f4 f5 27. Bxf5 exf5
28. Rxd5 Nb3 29. Rfd1 Nxa5 30. g3 Nb3 31. Kh1 Nc5 32. Rxc5 1-0

[Event "ICS rated standard match"]
[Site "204.178.125.65"]
[Date "2000.04.09"]
[Round "?"]
[White "expert101"]
[Black "Hossa"]
[Result "0-1"]
[WhiteElo "2102"]
[BlackElo "2336"]
[PlyCount "68"]

1. e4 e5 2. Nf3 Nc6 3. Bb5 a6 4. Bxc6 dxc6 5. Nxe5 Qd4 6. f4 Qxe4+ 7. Qe2 Qxe2+
8. Kxe2 f6 9. Nf3 Bg4 10. d3 O-O-O 11. h3 Re8+ 12. Be3 Bc5 13. hxg4 Bxe3 14.
Nc3 Bxf4+ 15. Ne4 Nh6 16. g5 Nf5 17. Kf2 Be3+ 18. Ke2 Bxg5 19. Nfxg5 fxg5 20.
Kd2 Nh4 21. Raf1 Nxg2 22. Rf7 h6 23. Rxg7 Ref8 24. Rh2 Nf4 25. Nc5 Rd8 26. b4
Rdf8 27. Kc1 Re8 28. Kd2 Rd8 29. a4 Rde8 30. a5 Rd8 31. Rf2 Rhg8 32. Re7 h5 33.
Ne4 Rdf8 34. Re5 g4 0-1

[Event "ICS rated standard match"]
[Site "204.178.125.65"]
[Date "2000.04.09"]
[Round "?"]
[White "Hossa"]
[Black "e-m29"]
[Result "0-1"]
[WhiteElo "2343"]
[BlackElo "2512"]
[PlyCount "126"]

1. e4 e5 2. Nf3 Nc6 3. Nc3 Nf6 4. Nxe5 Nxe5 5. d4 Ng6 6. e5 Ng8 7. Bc4 Bb4 8.
Qf3 Bxc3+ 9. bxc3 Qe7 10. O-O Rb8 11. Re1 b6 12. Qg3 h6 13. h4 b5 14. Bd5 Kf8
15. a4 b4 16. h5 Nh4 17. cxb4 Nf5 18. Qd3 c6 19. Be4 g6 20. hxg6 fxg6 21. b5
Qe6 22. bxc6 dxc6 23. Qf3 Kg7 24. Bxf5 gxf5 25. Ba3 Ne7 26. Bxe7 Qxe7 27. Qxc6
Rd8 28. Rab1 Bb7 29. Qc3 Bd5 30. Rxb8 Rxb8 31. a5 Rg8 32. Qd3 Kh8 33. f3 Qg5
34. Qe2 Qg3 35. Rf1 Bc4 36. Qd2 f4 37. Rf2 Rb8 38. Qd1 Rb5 39. Qa1 a6 40. c3
Bd5 41. Rc2 Bxf3 42. c4 Rb3 43. Rb2 Re3 44. Rf2 Bxg2 45. Rxg2 Re1+ 46. Qxe1
Qxe1+ 47. Kh2 Qh4+ 48. Kg1 f3 49. Rf2 Qxd4 50. e6 Qe3 51. e7 Qe1+ 52. Kh2 Qxf2+
53. Kh3 Qg2+ 54. Kh4 Qg5+ 55. Kh3 Qxe7 56. Kg3 Qe3 57. c5 f2+ 58. Kg2 Qe1 59.
Kf3 f1=Q+ 60. Kg4 Qee2+ 61. Kh4 h5 62. Kg5 Qg4+ 63. Kh6 Qf6# 0-1

[Event "ICS rated standard match"]
[Site "204.178.125.65"]
[Date "2000.04.09"]
[Round "?"]
[White "Hossa"]
[Black "chuda"]
[Result "1-0"]
[WhiteElo "2344"]
[BlackElo "1992"]
[PlyCount "45"]

1. e4 d5 2. exd5 Nf6 3. Bb5+ Bd7 4. Bc4 Bg4 5. f3 Bf5 6. Nc3 c6 7. dxc6 Nxc6 8.
Nge2 e5 9. g4 Bg6 10. h4 h5 11. g5 Nd7 12. d3 Bc5 13. Ne4 Qc7 14. Nxc5 Nxc5 15.
Nc3 O-O-O 16. Be3 Nd4 17. Nd5 Rxd5 18. Bxd5 Nxd3+ 19. cxd3 Nc2+ 20. Qxc2 Qxc2
21. Rc1 Qxc1+ 22. Bxc1 Bxd3 23. Bxf7 1-0

[Event "ICS rated standard match"]
[Site "204.178.125.65"]
[Date "2000.04.09"]
[Round "?"]
[White "chuda"]
[Black "Hossa"]
[Result "0-1"]
[WhiteElo "1988"]
[BlackElo "2348"]
[PlyCount "108"]

1. e4 e5 2. Nf3 Nc6 3. Bb5 a6 4. Ba4 Nf6 5. O-O Be7 6. Re1 b5 7. Bb3 d6 8. c3
O-O 9. h3 Bb7 10. d4 Re8 11. Ng5 Rf8 12. Nf3 Re8 13. Ng5 Rf8 14. Nf3 a5 15. a4
b4 16. d5 Nb8 17. c4 c6 18. Bc2 Ba6 19. b3 Nbd7 20. dxc6 Nb8 21. Nbd2 Nxc6 22.
Nf1 Re8 23. Ne3 Bb7 24. Nd5 Nb8 25. Nxe7+ Qxe7 26. Bg5 Nbd7 27. Qe2 Nc5 28.
Rad1 Qe6 29. Bxf6 Qxf6 30. Rd2 Ra6 31. Red1 Rb6 32. Qe3 Rc8 33. Kf1 g6 34. Ng5
Qe7 35. h4 f6 36. Nf3 Rc7 37. g3 Qe6 38. Ne1 Ba8 39. Ng2 Rg7 40. f4 Qe7 41. Re2
Rc6 42. Red2 Ra6 43. Re2 Ne6 44. Red2 Nd4 45. Ne1 Qe6 46. Nf3 Nxc2 47. Rxc2
exf4 48. gxf4 Re7 49. c5 Bxe4 50. Rcd2 Qh3+ 51. Kf2 d5 52. Rxd5 Bxd5 53. Qxe7
Qxf3+ 54. Ke1 Re6+ 0-1

[Event "ICS rated blitz match"]
[Site "204.178.125.65"]
[Date "2000.04.09"]
[Round "?"]
[White "PostModernist"]
[Black "Hossa"]
[Result "1-0"]
[WhiteElo "2565"]
[BlackElo "2382"]
[PlyCount "61"]

1. d4 d5 2. Nf3 Nf6 3. e3 e6 4. Bd3 c5 5. c3 Nc6 6. Nbd2 Bd6 7. O-O O-O 8. Qe2
e5 9. dxc5 Bxc5 10. e4 Bg4 11. h3 Nh5 12. Qd1 Nf4 13. Bc2 Be6 14. Nb3 Bb6 15.
Bxf4 exf4 16. e5 Qc7 17. Re1 Rae8 18. Qd2 g6 19. Rad1 Re7 20. Nbd4 Bxd4 21.
cxd4 f6 22. Bb3 Qd8 23. a3 fxe5 24. dxe5 Rd7 25. Ba4 Rc7 26. b4 Rff7 27. b5 Nb8
28. Bb3 Rc5 29. Nd4 Bc8 30. e6 Rf6 31. Qe2 1-0